<?xml version="1.0" encoding="UTF-8"?>
<collection xmlns="http://www.loc.gov/MARC21/slim">
 <record>
  <leader>00495pamaa2200157   4500</leader>
  <controlfield tag="001">0000017565</controlfield>
  <controlfield tag="005">20081127090000.0</controlfield>
  <datafield tag="020" ind1="0" ind2="0">
   <subfield code="a">0333576985 </subfield>
  </datafield>
  <datafield tag="082" ind1=" " ind2=" ">
   <subfield code="a">428 PHI</subfield>
  </datafield>
  <datafield tag="090" ind1="0" ind2="0">
   <subfield code="a">PE1128.A2 </subfield>
   <subfield code="b">PHI 1993</subfield>
  </datafield>
  <datafield tag="100" ind1="1" ind2="0">
   <subfield code="a">Phillips </subfield>
  </datafield>
  <datafield tag="245" ind1="1" ind2="0">
   <subfield code="a">Key reading skills for FCE  </subfield>
   <subfield code="c">Terry Phillips and Anna Phillips ; Roger Scott, series editor.</subfield>
  </datafield>
  <datafield tag="260" ind1="0" ind2="0">
   <subfield code="a">London: </subfield>
   <subfield code="b">Macmillan, </subfield>
   <subfield code="c">1993.</subfield>
  </datafield>
  <datafield tag="300" ind1=" " ind2=" ">
   <subfield code="a">vi, 103p.: </subfield>
   <subfield code="b">28cm.</subfield>
  </datafield>
  <datafield tag="440" ind1="0" ind2="0">
   <subfield code="a">Passport to key FCE skills</subfield>
  </datafield>
  <datafield tag="650" ind1="0" ind2="0">
   <subfield code="a">English language -- </subfield>
   <subfield code="x">Textbooks for foreign speakers </subfield>
  </datafield>
 </record>
</collection>
